[Event "DEM U12 2011"]
[Site "Oberhof GER"]
[Date "2011.06.12"]
[Round "1"]
[White "Wallat, Jessica"]
[Black "Graf, Clara Victoria"]
[Result "0-1"]
[Termination "normal"]
[Board "26"]
[WhiteElo "1277"]
[BlackElo "1710"]
[PlyCount "126"]
[WhiteFideId "12909637"]
[BlackFideId "1270339"]
[EventCountry "GER"]
[EventRounds "11"]
[EventType "swiss"]
[EventDate "2011.06.11"]

1. e4 c5 2. Nf3 Nc6 3. d4 cxd4 4. Nxd4 g6 5. g3 Bg7 6. Ne2 Nf6 7. Bg2 O-O 8.
O-O d6 9. Nbc3 a6 10. Nd5 Ne5 11. Rb1 Ned7 12. Bg5 h6 13. Bxf6 Nxf6 14. Qd2 Kh7
15. Kh1 Nxd5 16. Qxd5 Qc7 17. Qd2 Be6 18. b3 Rac8 19. c4 Qb6 20. f4 f5 21. Rbd1
Rc7 22. Nd4 Bxd4 23. Qxd4 Qxd4 24. Rxd4 fxe4 25. Bxe4 Bf5 26. Re1 Kg7 27. Kg2
Kf6 28. h3 Bxe4+ 29. Rdxe4 Re8 30. Re6+ Kf7 31. Kf3 Rc5 32. g4 Ra5 33. a4 b5
34. axb5 axb5 35. R6e4 Ra3 36. R4e3 bxc4 37. bxc4 Rxe3+ 38. Rxe3 Rc8 39. Re4
Kf6 40. h4 e5 41. g5+ hxg5 42. hxg5+ Kf5 43. fxe5 dxe5 44. Rg4 Rc5 45. Kg3 Ra5
46. Rh4 Kxg5 47. Re4 Kf5 48. Re1 Ra3+ 49. Kf2 Rc3 50. Rf1 Rxc4 51. Ke3+ Rf4 52.
Rg1 g5 53. Ke2 g4 54. Ke1 e4 55. Ke2 Rf3 56. Kd2 Kf4 57. Ke2 g3 58. Rg2 e3 59.
Ke1 Rf2 60. Rxf2+ gxf2+ 61. Kf1 Kg3 62. Ke2 Kg2 63. Kxe3 f1=Q 0-1

[Event "DEM U12 2011"]
[Site "Oberhof GER"]
[Date "2011.06.12"]
[Round "1"]
[White "Bruns, Kai-Christian"]
[Black "Kühn, Kolja"]
[Result "1-0"]
[Termination "normal"]
[Board "27"]
[WhiteElo "1645"]
[BlackElo "1273"]
[PlyCount "111"]
[WhiteFideId "12938025"]
[BlackFideId "12938106"]
[EventCountry "GER"]
[EventRounds "11"]
[EventType "swiss"]
[EventDate "2011.06.11"]

1. c4 c6 2. d4 d5 3. Nc3 Bf5 4. cxd5 Qb6 5. e4 Bg6 6. dxc6 Nxc6 7. Nf3 Rd8 8.
d5 e6 9. Qa4 exd5 10. exd5 Bc5 11. Ne5 Bxf2+ 12. Ke2 Kf8 13. dxc6 Re8 14. Qf4
Bh5+ 15. Kd2 Nf6 16. Bc4 Qd8+ 17. Kc2 Rxe5 18. Qxe5 Bg6+ 19. Kb3 Qb6+ 20. Qb5
bxc6 21. Qxb6 axb6 22. Rf1 Bc5 23. Bg5 b5 24. Bxf6 gxf6 25. Be2 Ke7 26. Rae1
Kd6 27. Rxf6+ Kc7 28. h4 h5 29. Bf3 Bd6 30. Be4 Re8 31. Re2 Be5 32. Bxg6 fxg6
33. Rxg6 b4 34. Rg5 bxc3 35. Rgxe5 cxb2 36. Kxb2 Rb8+ 37. Kc3 c5 38. Rxc5+ Kd6
39. Rxh5 Kc6 40. Kc4 Ra8 41. Rh6+ Kd7 42. Rb6 Kc7 43. Kc5 Ra5+ 44. Rb5 Ra6 45.
g4 Ra4 46. Rg2 Re4 47. Kd5 Re3 48. g5 Rd3+ 49. Ke4 Rd7 50. Rc2+ Kd8 51. Rd5
Rxd5 52. Kxd5 Ke7 53. a4 Ke8 54. Ke6 Kd8 55. h5 Ke8 56. Rc8# 1-0

[Event "DEM U12 2011"]
[Site "Oberhof GER"]
[Date "2011.06.12"]
[Round "1"]
[White "Allin, Katharina"]
[Black "Petrashov, Alexander"]
[Result "0-1"]
[Termination "normal"]
[Board "28"]
[WhiteElo "1256"]
[BlackElo "1644"]
[PlyCount "54"]
[WhiteFideId "12903779"]
[BlackFideId "24662461"]
[EventCountry "GER"]
[EventRounds "11"]
[EventType "swiss"]
[EventDate "2011.06.11"]

1. e4 e5 2. Nf3 Nc6 3. Bc4 Bc5 4. c3 Nf6 5. d3 a6 6. Bb3 O-O 7. Bg5 h6 8. Bh4
Ba7 9. Qe2 d6 10. Nbd2 Be6 11. Bc2 b5 12. h3 Re8 13. O-O-O b4 14. Nf1 bxc3 15.
b3 Nb4 16. a3 Nxc2 17. Kxc2 Bd4 18. g4 Rb8 19. Rb1 g5 20. Nxd4 exd4 21. Bg3 c5
22. h4 Qa5 23. Bxd6 Qxa3 24. Bxb8 Qa2+ 25. Kc1 Qxe2 26. f3 Rxb8 27. Rg1 Rxb3
0-1

[Event "DEM U12 2011"]
[Site "Oberhof GER"]
[Date "2011.06.12"]
[Round "1"]
[White "Kaplun, David"]
[Black "Lederer, Leia"]
[Result "1-0"]
[Termination "normal"]
[Board "29"]
[WhiteElo "1758"]
[BlackElo "1252"]
[PlyCount "79"]
[WhiteFideId "12901954"]
[BlackFideId "12926353"]
[EventCountry "GER"]
[EventRounds "11"]
[EventType "swiss"]
[EventDate "2011.06.11"]

1. d4 Nf6 2. c4 c5 3. d5 b5 4. cxb5 a6 5. bxa6 Bxa6 6. Nc3 g6 7. e4 Bg7 8. g3
Bxf1 9. Kxf1 d6 10. Kg2 Nbd7 11. f4 e5 12. f5 gxf5 13. exf5 Rg8 14. h3 Nb6 15.
g4 h5 16. g5 Bh6 17. h4 Bf8 18. Nge2 Ng4 19. Ng3 Nc4 20. Qe2 Nb6 21. Nxh5 Nh6
22. Kh3 Be7 23. gxh6 Bxh4 24. Ng7+ Kf8 25. h7 Rh8 26. Bh6 Qe7 27. Ne6+ Ke8 28.
Qb5+ Nd7 29. Nc7+ Kd8 30. Nxa8 Rxh7 31. Qa5+ Ke8 32. Nc7+ Kd8 33. Ne6+ Ke8 34.
Qa8+ Qd8 35. Nxd8 Bxd8 36. Kg2 Nf6 37. Bg5 Rg7 38. Rh8+ Rg8 39. Rxg8+ Nxg8 40.
Qxd8# 1-0

[Event "DEM U12 2011"]
[Site "Oberhof GER"]
[Date "2011.06.12"]
[Round "1"]
[White "Usczeck, Alina"]
[Black "Schackmann, Oliver"]
[Result "0-1"]
[Termination "normal"]
[Board "30"]
[WhiteElo "1219"]
[BlackElo "1829"]
[PlyCount "116"]
[WhiteFideId "12938114"]
[BlackFideId "12905267"]
[EventCountry "GER"]
[EventRounds "11"]
[EventType "swiss"]
[EventDate "2011.06.11"]

1. e4 c5 2. d4 cxd4 3. c3 dxc3 4. Nxc3 e6 5. Bf4 d6 6. Nf3 e5 7. Bd2 Nf6 8. Bc4
h6 9. Qe2 a6 10. O-O Be7 11. Rfc1 O-O 12. Nd5 Nxd5 13. Bxd5 Nd7 14. Qe3 Nf6 15.
Bb3 b5 16. Ne1 Bb7 17. f3 Qd7 18. Nd3 Rfc8 19. Kf1 Nh5 20. Rc3 Rxc3 21. Bxc3
Bg5 22. Qf2 Nf4 23. Nxf4 Bxf4 24. Rd1 Qc7 25. Bb4 Rd8 26. Qe1 Qb8 27. Kg1 Bg5
28. Qe2 a5 29. Be1 Bc6 30. Kh1 Qc7 31. Qd3 Be7 32. Rc1 Qb6 33. h3 Bb7 34. Rc2
Bf8 35. Rd2 Be7 36. h4 Rc8 37. Rc2 b4 38. Ba4 Rxc2 39. Qxc2 Qc5 40. Qd2 d5 41.
exd5 Qxd5 42. Qxd5 Bxd5 43. b3 e4 44. f4 e3 45. Kg1 Be4 46. Kf1 Bd3+ 47. Kg1
Bb1 48. Kf1 Bd3+ 49. Kg1 Bf6 50. Kh2 Bc3 51. Kg1 Bxe1 52. Kh2 Bf2 53. Kh3 e2
54. Bc6 e1=Q 55. Kg4 f5+ 56. Kh5 Qe6 57. Bf3 Kh7 58. a3 g6# 0-1

[Event "DEM U12 2011"]
[Site "Oberhof GER"]
[Date "2011.06.12"]
[Round "1"]
[White "Schmekel, Florian"]
[Black "Möller, Hannah"]
[Result "1-0"]
[Termination "normal"]
[Board "31"]
[WhiteElo "1544"]
[BlackElo "1204"]
[PlyCount "125"]
[WhiteFideId "12913456"]
[BlackFideId "1270514"]
[EventCountry "GER"]
[EventRounds "11"]
[EventType "swiss"]
[EventDate "2011.06.11"]

1. d4 d5 2. c4 e6 3. Nc3 Be7 4. Nf3 Nf6 5. Bg5 h6 6. Bh4 O-O 7. e3 b6 8. cxd5
Nxd5 9. Bxe7 Qxe7 10. Nxd5 exd5 11. a3 Nc6 12. Bd3 Na5 13. Ne5 c5 14. O-O Qg5
15. Nf3 Qg4 16. h3 Qe6 17. dxc5 bxc5 18. Rc1 Nc4 19. Bxc4 dxc4 20. Qc2 Qf6 21.
Rb1 Bxh3 22. Qxc4 Qg6 23. Nh4 Qg5 24. Qf4 Qxf4 25. exf4 Be6 26. Rfc1 Rac8 27.
Rc3 Bd5 28. Rbc1 c4 29. b3 g5 30. fxg5 hxg5 31. Nf5 Be4 32. Ne7+ Kg7 33. Nxc8
Rxc8 34. Rxc4 Rxc4 35. Rxc4 Bd5 36. Rc3 Kf8 37. b4 Ke7 38. Rc7+ Kd6 39. Rxa7 f5
40. Ra6+ Kc7 41. Rg6 g4 42. Rf6 Be4 43. Kf1 Kb7 44. g3 Ka7 45. Ke1 Kb7 46. Kd2
Kc7 47. Ke3 Kd7 48. Kf4 Ke7 49. Rxf5 Bxf5 50. Kxf5 Kd6 51. Kxg4 Kd5 52. a4 Kc4
53. a5 Kb5 54. f3 Kxb4 55. a6 Kb5 56. a7 Kc5 57. a8=Q Kd6 58. Qa5 Ke7 59. Qb6
Kf8 60. Qc7 Kg8 61. Kg5 Kh8 62. Kg6 Kg8 63. Qg7# 1-0

[Event "DEM U12 2011"]
[Site "Oberhof GER"]
[Date "2011.06.12"]
[Round "1"]
[White "Denkert, Anna"]
[Black "Niediek, Cedric"]
[Result "0-1"]
[Termination "normal"]
[Board "32"]
[WhiteElo "1173"]
[BlackElo "1641"]
[PlyCount "80"]
[WhiteFideId "12938122"]
[EventCountry "GER"]
[EventRounds "11"]
[EventType "swiss"]
[EventDate "2011.06.11"]

1. e4 c5 2. Nc3 Nc6 3. f4 e6 4. Nf3 a6 5. Bc4 b5 6. Be2 d5 7. exd5 exd5 8. d4
c4 9. O-O Nf6 10. Qe1 Be7 11. b3 O-O 12. a4 b4 13. Nd1 c3 14. Bd3 Re8 15. Ne5
Nxd4 16. Qe3 Bc5 17. Kh1 Nxb3 18. Qg3 Nxa1 19. f5 Nh5 20. Qg4 Rxe5 21. Qxh5 g6
22. Qh3 Qe8 23. Qg3 b3 24. cxb3 Nxb3 25. Bf4 Rxf5 26. Bxf5 Bxf5 27. Nxc3 Be6
28. Bh6 Bf8 29. Bxf8 Qxf8 30. Qe5 Qg7 31. Qc7 Rc8 32. Qb7 Qxc3 33. Rg1 Nd2 34.
h4 Qc4 35. Qe7 Ne4 36. Kh2 Nf2 37. h5 Ng4+ 38. Kh1 Qf4 39. g3 Qf3+ 40. Rg2 Rc1#
0-1

[Event "DEM U12 2011"]
[Site "Oberhof GER"]
[Date "2011.06.12"]
[Round "1"]
[White "Sieber, Fiona"]
[Black "Semenova, Alisa"]
[Result "1-0"]
[Termination "normal"]
[Board "33"]
[WhiteElo "1689"]
[BlackElo "1163"]
[PlyCount "83"]
[WhiteFideId "12902373"]
[BlackFideId "1272132"]
[EventCountry "GER"]
[EventRounds "11"]
[EventType "swiss"]
[EventDate "2011.06.11"]

1. e4 e5 2. Nf3 Nc6 3. Bc4 Bc5 4. b4 Bxb4 5. c3 Bc5 6. d4 exd4 7. O-O d6 8.
cxd4 Bb6 9. Nc3 Bg4 10. Bb5 Nge7 11. d5 a6 12. Ba4 Ba5 13. dxc6 b5 14. Nxb5
axb5 15. Bxb5 O-O 16. Bb2 Qe8 17. h3 Bh5 18. g4 Bg6 19. Qd4 f6 20. Rfc1 Bb6 21.
Qd3 d5 22. Nd2 dxe4 23. Nxe4 Rd8 24. Qc4+ Qf7 25. Qxf7+ Bxf7 26. a4 Bg6 27. Nc5
Rd6 28. Nd7 Rc8 29. Ba3 Re6 30. Bc4 Bf7 31. Bxe6 Bxe6 32. Bxe7 Ba5 33. Rab1 Kf7
34. Bb4 Bxb4 35. Rxb4 Ke7 36. Rd1 Rd8 37. Rb8 Bxd7 38. Rxd8 Kxd8 39. Rxd7+ Kc8
40. Rxg7 h6 41. a5 Kb8 42. a6 1-0

[Event "DEM U12 2011"]
[Site "Oberhof GER"]
[Date "2011.06.12"]
[Round "1"]
[White "Kast, Larissa"]
[Black "Wächter, Nathalie"]
[Result "0-1"]
[Termination "normal"]
[Board "34"]
[WhiteElo "1158"]
[BlackElo "1707"]
[PlyCount "36"]
[WhiteFideId "24699055"]
[BlackFideId "12921033"]
[EventCountry "GER"]
[EventRounds "11"]
[EventType "swiss"]
[EventDate "2011.06.11"]

1. e4 e5 2. Nf3 Nc6 3. d4 exd4 4. Bc4 Nf6 5. Bg5 Be7 6. Qe2 O-O 7. O-O d6 8.
Re1 Bg4 9. h3 Bh5 10. Qd3 Nb4 11. Qb3 Bxf3 12. Qxb4 d5 13. Qxb7 dxc4 14. gxf3
Nh5 15. Bxe7 Qxe7 16. Qd5 Nf4 17. Qxd4 Qg5+ 18. Kf1 Qg2# 0-1

[Event "DEM U12 2011"]
[Site "Oberhof GER"]
[Date "2011.06.12"]
[Round "1"]
[White "Pallas, Sebastian"]
[Black "Ley, Sabrina"]
[Result "1-0"]
[Termination "normal"]
[Board "35"]
[WhiteElo "1813"]
[BlackElo "1156"]
[PlyCount "58"]
[WhiteFideId "12905453"]
[BlackFideId "12938130"]
[EventCountry "GER"]
[EventRounds "11"]
[EventType "swiss"]
[EventDate "2011.06.11"]

1. e4 e6 2. d4 d5 3. Nd2 c5 4. c3 Bd7 5. Bd3 Qb6 6. Ne2 Nc6 7. Nf3 c4 8. Bc2
Nge7 9. O-O Ng6 10. Re1 dxe4 11. Bxe4 f5 12. Bc2 O-O-O 13. Ng5 Re8 14. Nf7 Rg8
15. Rb1 e5 16. d5 Nd8 17. Nxd8 Rxd8 18. Ng3 Bc5 19. Rf1 f4 20. Ne4 Bf5 21. Nd6+
Rxd6 22. Bxf5+ Kb8 23. b4 Rgd8 24. bxc5 Rxd5 25. Qxd5 Rxd5 26. cxb6 Ne7 27.
bxa7+ Kxa7 28. Be4 Rd7 29. Ba3 Nc6 1-0

[Event "DEM U12 2011"]
[Site "Oberhof GER"]
[Date "2011.06.12"]
[Round "1"]
[White "Richardt, Angelina"]
[Black "Höglauer, Patrick"]
[Result "0-1"]
[Termination "normal"]
[Board "36"]
[WhiteElo "1146"]
[BlackElo "1764"]
[PlyCount "72"]
[WhiteFideId "12938149"]
[BlackFideId "1270548"]
[EventCountry "GER"]
[EventRounds "11"]
[EventType "swiss"]
[EventDate "2011.06.11"]

1. e4 c5 2. Nc3 Nc6 3. g3 e5 4. Bg2 g6 5. d3 Bg7 6. Nf3 d6 7. Be3 Nge7 8. Qd2
Be6 9. Bh6 Bxh6 10. Qxh6 Qd7 11. O-O O-O-O 12. a3 f5 13. Qd2 fxe4 14. dxe4 Rhf8
15. b4 Bg4 16. Ne1 Nd4 17. Qd3 Nec6 18. f3 Be6 19. Nb5 c4 20. Nxa7+ Nxa7 21.
Qe3 Bh3 22. a4 Nac6 23. b5 Nb4 24. Rc1 Bxg2 25. Kxg2 d5 26. Rf2 dxe4 27. fxe4
Rxf2+ 28. Qxf2 Qg4 29. c3 Qxe4+ 30. Kg1 Ne2+ 31. Kf1 Nxc1 32. cxb4 Nd3 33. Nxd3
Qxd3+ 34. Kg1 Qd4 35. b6 c3 36. Kf1 Qxf2+ 0-1

[Event "DEM U12 2011"]
[Site "Oberhof GER"]
[Date "2011.06.12"]
[Round "1"]
[White "Schmidt, Tobias"]
[Black "Niedwetzki, Jan Daniel"]
[Result "1-0"]
[Termination "normal"]
[Board "37"]
[WhiteElo "1580"]
[BlackElo "1120"]
[PlyCount "81"]
[WhiteFideId "1271683"]
[BlackFideId "12938157"]
[EventCountry "GER"]
[EventRounds "11"]
[EventType "swiss"]
[EventDate "2011.06.11"]

1. e4 e6 2. d4 d5 3. Nd2 Nf6 4. e5 Nfd7 5. Bd3 c5 6. c3 Nc6 7. Ne2 Qb6 8. Nf3
cxd4 9. cxd4 a6 10. O-O h6 11. b3 g5 12. Bb2 Be7 13. Ne1 g4 14. Kh1 h5 15. f4
Nf8 16. Nc2 Bd7 17. Ne3 Rg8 18. Rc1 Rc8 19. Bb1 Rg7 20. Ng3 h4 21. Ne2 Rg8 22.
Ng1 g3 23. h3 Qa7 24. Ne2 Qb8 25. f5 Qa7 26. fxe6 Bxe6 27. Nf5 Ra8 28. Nf4 Qb8
29. Qh5 Rg5 30. Ng7+ Rxg7 31. Nxe6 Nxe6 32. Rxf7 Rxf7 33. Rf1 Ned8 34. Bg6 Bf6
35. Rxf6 Qc7 36. e6 Qe7 37. exf7+ Kd7 38. f8=Q Qe1+ 39. Rf1 Qe6 40. Bf5 Qxf5
41. Qhxf5+ 1-0

[Event "DEM U12 2011"]
[Site "Oberhof GER"]
[Date "2011.06.12"]
[Round "1"]
[White "Silber, Stefanie"]
[Black "Rätzke von Stoyentin, Steffen"]
[Result "0-1"]
[Termination "normal"]
[Board "38"]
[WhiteElo "1095"]
[BlackElo "1728"]
[PlyCount "118"]
[WhiteFideId "12918245"]
[BlackFideId "12907502"]
[EventCountry "GER"]
[EventRounds "11"]
[EventType "swiss"]
[EventDate "2011.06.11"]

1. e4 e5 2. Nf3 Nc6 3. Bb5 a6 4. Ba4 Nf6 5. O-O b5 6. Bb3 Be7 7. Re1 O-O 8. d4
d6 9. h3 Bb7 10. d5 Nb8 11. c4 b4 12. Bd2 c5 13. a3 a5 14. Bg5 Nfd7 15. Be3 Na6
16. Nbd2 f5 17. exf5 Rxf5 18. Bc2 Rf7 19. Ne4 h6 20. Nfd2 Nb6 21. Qg4 Bc8 22.
Qg3 Bh4 23. Qh2 a4 24. b3 bxa3 25. Rxa3 Nb4 26. Rc1 axb3 27. Rxa8 b2 28. Rb1
Nxa8 29. Rxb2 Bf5 30. g3 Be7 31. Bd1 Qa5 32. Rb1 Bf8 33. Qg2 Bh7 34. Nb3 Qa6
35. Be2 Qa2 36. Nc3 Qc2 37. Bd2 Qf5 38. Rc1 Nb6 39. g4 Qf6 40. Be3 Nd3 41. Bxd3
Bxd3 42. Ne4 Qg6 43. Nbd2 Ra7 44. Rc3 Ra1+ 45. Kh2 Bxe4 46. Nxe4 Ra4 47. Nd2
Be7 48. Qf1 Bg5 49. Qe2 Rb4 50. Bxg5 Qxg5 51. Ne4 Qg6 52. Kg2 Nxd5 53. cxd5
Qxe4+ 54. Qxe4 Rxe4 55. f3 Rd4 56. Rb3 Rxd5 57. Kf1 Kf7 58. h4 Rd4 59. Ke2 g6
0-1

[Event "DEM U12 2011"]
[Site "Oberhof GER"]
[Date "2011.06.12"]
[Round "1"]
[White "Kololli, Kevin"]
[Black "Schmid, Katharina"]
[Result "1-0"]
[Termination "normal"]
[Board "39"]
[WhiteElo "1596"]
[BlackElo "1070"]
[PlyCount "63"]
[WhiteFideId "12936863"]
[BlackFideId "12918210"]
[EventCountry "GER"]
[EventRounds "11"]
[EventType "swiss"]
[EventDate "2011.06.11"]

1. e4 e5 2. Nf3 Nc6 3. Bc4 Nf6 4. d4 exd4 5. e5 Ne4 6. O-O d5 7. Bb5 Bd7 8.
Bxc6 Bxc6 9. Nxd4 Qd7 10. Be3 Bc5 11. f3 Bxd4 12. Qxd4 O-O 13. fxe4 b6 14. Nc3
Rad8 15. Rad1 Bb5 16. Nxb5 Qxb5 17. exd5 c5 18. Qc3 h6 19. Qb3 Qa6 20. c4 Rfe8
21. Qc3 Qxa2 22. Ra1 Qxa1 23. Rxa1 a5 24. Qb3 Rb8 25. Bf4 Rb7 26. Rxa5 Ree7 27.
d6 bxa5 28. dxe7 Rxe7 29. Qb6 Rd7 30. Qxc5 Rd8 31. Qxa5 Re8 32. c5 1-0

[Event "DEM U12 2011"]
[Site "Oberhof GER"]
[Date "2011.06.12"]
[Round "1"]
[White "Oberhofer, Marie"]
[Black "Krüger, David"]
[Result "0-1"]
[Termination "normal"]
[Board "40"]
[WhiteElo "1068"]
[BlackElo "1810"]
[PlyCount "74"]
[WhiteFideId "12938165"]
[BlackFideId "12921858"]
[EventCountry "GER"]
[EventRounds "11"]
[EventType "swiss"]
[EventDate "2011.06.11"]

1. e4 e5 2. Nf3 Nc6 3. Bc4 Bc5 4. d3 Nf6 5. Nc3 O-O 6. O-O h6 7. Be3 Bb6 8. Qd2
Kh7 9. h3 d6 10. Rad1 Be6 11. Bb3 Ba5 12. Rfe1 Ne7 13. Qe2 c5 14. Bd2 Ng6 15.
Kh2 Qc8 16. Qf1 Nh5 17. g3 f5 18. Qg2 f4 19. g4 Nf6 20. Rh1 Bb6 21. Nd5 Nxd5
22. exd5 Bd7 23. Rde1 Bd8 24. Rhg1 Nh4 25. Nxh4 Bxh4 26. Qe4+ g6 27. Ref1 a5
28. Qf3 a4 29. Bc4 b5 30. Bxb5 Bxb5 31. Rg2 c4 32. Qe4 cxd3 33. cxd3 Qa6 34.
Rc1 Rac8 35. Qf3 Bxd3 36. Re1 Rc2 37. Bc3 e4 0-1

[Event "DEM U12 2011"]
[Site "Oberhof GER"]
[Date "2011.06.12"]
[Round "1"]
[White "Bergauz, Noam"]
[Black "Schröder, Janina"]
[Result "1-0"]
[Termination "normal"]
[Board "41"]
[WhiteElo "1591"]
[BlackElo "1065"]
[PlyCount "103"]
[WhiteFideId "12938033"]
[BlackFideId "24693138"]
[EventCountry "GER"]
[EventRounds "11"]
[EventType "swiss"]
[EventDate "2011.06.11"]

1. e4 e5 2. Nf3 Nc6 3. d4 exd4 4. Bc4 Nf6 5. e5 Qe7 6. O-O Ne4 7. Bd5 Nc5 8.
Bxc6 dxc6 9. Qxd4 Bf5 10. Bg5 Qe6 11. Rd1 Qd7 12. Qxd7+ Nxd7 13. Nd4 Bg6 14. e6
fxe6 15. Nxe6 Rc8 16. Re1 Kf7 17. Nxf8 Kxf8 18. Na3 h6 19. Bh4 Re8 20. Rxe8+
Bxe8 21. Re1 c5 22. Nb5 g5 23. Bg3 c6 24. Nd6 Bg6 25. Nxb7 Bxc2 26. Bd6+ Kg8
27. Re8+ Kh7 28. Re7+ Kg6 29. Rxd7 Bb1 30. a3 Re8 31. Re7 Rf8 32. Re6+ Kf7 33.
Bxf8 Kxe6 34. Bxh6 g4 35. h4 Kd5 36. h5 a6 37. Bg7 Bc2 38. h6 Bh7 39. Kh2 Ke4
40. Nxc5+ Kd5 41. Nd7 Ke6 42. Nf8+ Kf7 43. Nxh7 Kg6 44. Nf8+ Kf7 45. Bd4 Kxf8
46. h7 Ke7 47. h8=Q Kd6 48. Qe5+ Kd7 49. Bc5 Kd8 50. Qe7+ Kc8 51. Bb6 a5 52.
Qc7# 1-0

[Event "DEM U12 2011"]
[Site "Oberhof GER"]
[Date "2011.06.12"]
[Round "1"]
[White "Torgashov, Katerina"]
[Black "Diener, Carolin"]
[Result "1-0"]
[Termination "normal"]
[Board "42"]
[WhiteElo "1043"]
[BlackElo "1590"]
[PlyCount "75"]
[WhiteFideId "12938173"]
[BlackFideId "24699063"]
[EventCountry "GER"]
[EventRounds "11"]
[EventType "swiss"]
[EventDate "2011.06.11"]

1. e4 e5 2. Nf3 Nc6 3. Bc4 Nf6 4. d3 Bc5 5. Bg5 h6 6. Bh4 d6 7. h3 Na5 8. Bb3
Nxb3 9. axb3 Be6 10. Nc3 c6 11. O-O Qe7 12. Re1 O-O-O 13. Qe2 g5 14. Bg3 Rdg8
15. Qd2 Nh5 16. Kh1 g4 17. hxg4 Rxg4 18. Ne2 Nxg3+ 19. Nxg3 h5 20. Nf5 Qf6 21.
Ne3 Rg7 22. Qd1 h4 23. Kg1 Qg6 24. Kf1 Bxe3 25. Rxe3 Qxg2+ 26. Ke2 h3 27. Rxa7
Kb8 28. Qa1 Rgg8 29. Qa5 h2 30. Qb6 Bc8 31. Qa5 Qxf2+ 32. Kxf2 Rg2+ 33. Kxg2
h1=Q+ 34. Kf2 Rh2+ 35. Nxh2 Qxh2+ 36. Ke1 Qg1+ 37. Kd2 Qf2+ 38. Kc3 1-0

[Event "DEM U12 2011"]
[Site "Oberhof GER"]
[Date "2011.06.12"]
[Round "1"]
[White "Kreyssig, Bruno"]
[Black "Boussonville, Anna"]
[Result "1-0"]
[Termination "normal"]
[Board "43"]
[WhiteElo "1587"]
[BlackElo "996"]
[PlyCount "141"]
[WhiteFideId "4692489"]
[BlackFideId "12929689"]
[EventCountry "GER"]
[EventRounds "11"]
[EventType "swiss"]
[EventDate "2011.06.11"]

1. e4 c6 2. d4 d5 3. Nd2 dxe4 4. Nxe4 Bf5 5. Ng3 Bg6 6. h4 e6 7. h5 Bf5 8. Nxf5
exf5 9. Nf3 Be7 10. Bf4 Nf6 11. Bd3 Qa5+ 12. Bd2 Qd5 13. Qe2 h6 14. Bb4 Ne4 15.
Bxe7 Kxe7 16. O-O Re8 17. c4 Qe6 18. Rfe1 Kf8 19. Ne5 Nd7 20. Bxe4 fxe4 21.
Qxe4 Nxe5 22. dxe5 Kg8 23. f4 Qg4 24. Qf3 Qxf3 25. gxf3 Rad8 26. Rad1 b6 27.
Kf2 Kf8 28. Rd6 Rxd6 29. exd6 Rxe1 30. Kxe1 Ke8 31. b4 c5 32. bxc5 bxc5 33. Ke2
Kd7 34. Kd3 Kxd6 35. Ke4 Ke6 36. f5+ Kd6 37. f6 gxf6 38. Kf5 Ke7 39. f4 a6 40.
a3 a5 41. a4 Kf8 42. Kxf6 Kg8 43. Ke5 Kg7 44. Kd5 Kf6 45. Kxc5 Kf5 46. Kb5 Kxf4
47. c5 Ke5 48. c6 Kd6 49. Kb6 f5 50. c7 Kd7 51. Kb7 f4 52. c8=Q+ Kd6 53. Qc7+
Kd5 54. Qxf4 Ke6 55. Qxh6+ Kd5 56. Qg5+ Kd4 57. Qxa5 Ke4 58. Qc5 Kd3 59. Qb4
Ke3 60. Qc4 Kf3 61. Qd4 Ke2 62. Qc3 Kf2 63. Qd3 Kg2 64. Qe3 Kh2 65. Qg5 Kh3 66.
Kc6 Kh2 67. Qg4 Kh1 68. Kd5 Kh2 69. Ke4 Kh1 70. Kf3 Kh2 71. Qg2# 1-0

[Event "DEM U12 2011"]
[Site "Oberhof GER"]
[Date "2011.06.12"]
[Round "1"]
[White "Peter, Anton"]
[Black "Uffrecht, Luise"]
[Result "1-0"]
[Termination "normal"]
[Board "45"]
[WhiteElo "1757"]
[BlackElo "958"]
[PlyCount "69"]
[WhiteFideId "12901660"]
[EventCountry "GER"]
[EventRounds "11"]
[EventType "swiss"]
[EventDate "2011.06.11"]

1. d4 d5 2. c4 e6 3. Nf3 Nf6 4. Bg5 Be7 5. e3 O-O 6. Nc3 Bd7 7. Bxf6 Bxf6 8.
cxd5 exd5 9. Nxd5 Be6 10. Nf4 Bd5 11. Bd3 Nc6 12. a3 Qd7 13. Rc1 Rad8 14. Rc5
Be6 15. d5 Bxd5 16. Rxd5 Qe7 17. O-O a6 18. b4 Rd7 19. Rxd7 Qe8 20. Nd5 Qe6 21.
Bc4 Qe4 22. Nxf6+ gxf6 23. Bd5 Qe8 24. Bxc6 bxc6 25. Qd4 Qe6 26. Rd1 Kh8 27.
Rd8 Rg8 28. Ng5 Qe7 29. Ne4 Qe6 30. Rxg8+ Kxg8 31. Nxf6+ Kg7 32. Ne8+ Kf8 33.
Qg7+ Kxe8 34. Qg8+ Ke7 35. Qd8# 1-0

[Event "DEM U12 2011"]
[Site "Oberhof GER"]
[Date "2011.06.12"]
[Round "1"]
[White "Zech, Anna"]
[Black "Brandl, Lea Maria"]
[Result "0-1"]
[Termination "normal"]
[Board "46"]
[WhiteElo "957"]
[BlackElo "1546"]
[PlyCount "104"]
[WhiteFideId "12909424"]
[BlackFideId "24693049"]
[EventCountry "GER"]
[EventRounds "11"]
[EventType "swiss"]
[EventDate "2011.06.11"]

1. e4 c5 2. Nf3 d6 3. d4 cxd4 4. Nxd4 Nf6 5. Nc3 a6 6. Be2 e5 7. Nb3 Be6 8. Bg5
Be7 9. O-O O-O 10. Qd2 Nbd7 11. Rfe1 b5 12. Bf3 Rc8 13. Rac1 Nb6 14. a3 Nc4 15.
Qe2 Nxb2 16. Qe3 Nc4 17. Qe2 Nxa3 18. Qd2 Qc7 19. Ne2 h6 20. Be3 Nc4 21. Qd3
Ng4 22. Bxg4 Bxg4 23. Nc3 Nxe3 24. Rxe3 Bg5 25. Rg3 Bxc1 26. Nxc1 Be6 27. N1e2
Bc4 28. Qe3 Bxe2 29. Qxe2 b4 30. Nd5 Qxc2 31. Qxc2 Rxc2 32. Kf1 Rb8 33. Rb3 a5
34. Ke1 Ra2 35. Kd1 Rxf2 36. g4 Rxh2 37. Kc1 a4 38. Rxb4 Rxb4 39. Nxb4 a3 40.
Kb1 Rb2+ 41. Ka1 Rxb4 42. Ka2 Kf8 43. Kxa3 Rb8 44. Ka4 Ke7 45. Ka5 Kd7 46. Ka4
Kc6 47. Ka3 Kc5 48. Ka2 Kc4 49. Ka1 Kc3 50. Ka2 Rb7 51. Ka1 Kc2 52. Ka2 Ra7#
0-1

[Event "DEM U12 2011"]
[Site "Oberhof GER"]
[Date "2011.06.12"]
[Round "1"]
[White "Scheinhütte, Jakob"]
[Black "Weiten, Anna"]
[Result "1-0"]
[Termination "normal"]
[Board "47"]
[WhiteElo "1587"]
[BlackElo "872"]
[PlyCount "81"]
[WhiteFideId "24693944"]
[BlackFideId "12938203"]
[EventCountry "GER"]
[EventRounds "11"]
[EventType "swiss"]
[EventDate "2011.06.11"]

1. e4 e5 2. Nf3 Nc6 3. Bb5 Nd4 4. Nxd4 exd4 5. O-O Nf6 6. d3 c6 7. Ba4 d5 8. e5
Ng4 9. h3 Nxe5 10. Re1 Bd6 11. f4 Qf6 12. fxe5 Bxe5 13. Qe2 O-O 14. Qxe5 Qd8
15. Bf4 Be6 16. Nd2 Qd7 17. Nf3 Rae8 18. Qd6 Qxd6 19. Bxd6 b6 20. Bxf8 Rxf8 21.
Bb3 c5 22. c3 c4 23. dxc4 dxc4 24. Nxd4 cxb3 25. Nxe6 fxe6 26. axb3 Re8 27.
Rxa7 e5 28. Rb7 e4 29. Rxb6 e3 30. c4 e2 31. Rb7 g5 32. c5 Rc8 33. b4 Kf8 34.
Rxe2 Re8 35. Rxe8+ Kxe8 36. c6 Kd8 37. b5 Kc8 38. b6 h5 39. Rh7 Kd8 40. b7 g4
41. b8=Q# 1-0

[Event "DEM U12 2011"]
[Site "Oberhof GER"]
[Date "2011.06.12"]
[Round "2"]
[White "Kaplun, David"]
[Black "Sawlin, Leonid"]
[Result "0-1"]
[Termination "normal"]
[Board "1"]
[WhiteElo "1758"]
[BlackElo "1920"]
[PlyCount "44"]
[WhiteFideId "12901954"]
[BlackFideId "4689542"]
[EventCountry "GER"]
[EventRounds "11"]
[EventType "swiss"]
[EventDate "2011.06.11"]

1. d4 e6 2. c4 f5 3. Nc3 Nf6 4. g3 d5 5. cxd5 exd5 6. Bg5 c6 7. Bg2 Bd6 8. Nf3
h6 9. Bf4 O-O 10. Bxd6 Qxd6 11. Ne5 Ne4 12. O-O Nd7 13. f4 Ndf6 14. e3 Be6 15.
a3 Rac8 16. Rc1 a5 17. Na4 Rc7 18. Nd3 Bf7 19. Ndc5 Re8 20. Re1 Rce7 21. Qb3 b5
22. Nxe4 dxe4 0-1